Privacy protection and computer forensis

Αποθηκεύτηκε σε:
Λεπτομέρειες βιβλιογραφικής εγγραφής
Κύριος συγγραφέας: Caloyannides, Michael A.
Μορφή: Βιβλίο
Γλώσσα:English
Δημοσίευση: Boston : Artech House, c2004
Έκδοση:2nd ed.
Σειρά:Artech House computer security series
Θέματα:
Ετικέτες: Προσθήκη ετικέτας
Δεν υπάρχουν, Καταχωρήστε ετικέτα πρώτοι!

MARC

LEADER 00000nam a2200000 i 4500
001 1/66360
008 071206s2004 eng d
020 |a 1-58053-830-4 
035 |l 10092871 
040 |a GR-MY-UA  |b gre  |e aacr 
041 0 |a eng 
082 0 |a 005.8  |2 (22) 
100 1 |a Caloyannides, Michael A. 
245 1 0 |a Privacy protection and computer forensis /  |c Michael A. Caloyannides 
250 |a 2nd ed. 
260 |a Boston :   |b Artech House,   |c c2004 
300 |a Artech House computer security series 
504 |a Περιέχει βιβλιογραφικές παραπομπές και ευρετήριο 
650 0 0 |a Forensic sciences. 
650 0 0 |a Computer security. 
650 0 0 |a Data protection. 
830 0 |a Artech House computer security series 
852 |a INST  |b SAMOS  |e 20071206  |h 005.8 CAL  |p 005300027562  |q 005300027562  |t BK  |y 0 
901 |a BIBL3-2007-3 
909 |a Σ  |b 140571 
922 |a 3ΕΛΗ  |b 200711  |c ΕΠΕΑΕΚ2/ΤΜΠΕΣ  |d ΕΛΕΥΘΕΡΟΥΔΑΚΗΣ 
970 |a ΡΟΥΣΣΟΥ  |b ΚΩΝΣΤΑΝΤΙΝΑ  |z 2007/12/06